Principios del diseño en color

Guardat en:
Dades bibliogràfiques
Autor principal: Wong, Wucius (Autor)
Format: Llibre
Idioma:espanyol
Publicat: Barcelona Gustavo Gili 1995
Edició:4a. ed
Col·lecció:Colección GG Diseño
Matèries:
Etiquetes: Afegir etiqueta
Sense etiquetes, Sigues el primer a etiquetar aquest registre!

MARC

LEADER 00000nam a2200000 a 4500
001 UCR6037
003 CL-VaPUC
008 980420e19950000SP |||||||||||||||||spa|d
082 0 4 |a 701.85  |b WON  |2 21 
100 0 |a Wong, Wucius  |e author  |9 407101 
245 1 0 |a Principios del diseño en color 
250 |a 4a. ed 
300 |a 100 p 
942 |c BK 
945 |d 19980420 00:00:00  |a rleighto 
260 |a Barcelona  |b Gustavo Gili  |c 1995 
650 0 |a Color   |9 265507 
650 7 |a DISEÑO EN COLOR  |2 CL-VaPUC  |9 407102 
650 7 |a COLORES NEUTROS  |2 CL-VaPUC  |9 407103 
650 7 |a COLORES CROMATICOS  |2 CL-VaPUC  |9 407104 
650 0 |a Espacio  |9 336785 
650 7 |a BLANCO Y NEGRO  |2 CL-VaPUC  |9 407105 
583 |a last modification  |c 19980420 00:00:00  |k Rodrigo Vera 
490 0 |a Colección GG Diseño 
999 |c 268353  |d 268351 
952 |0 0  |1 0  |4 0  |6 701_850000000000000_WON_1995  |7 0  |8 A  |9 301430  |a BIBARQ  |b BIBARQ  |d 2019-11-20  |i 3417352  |l 2  |o 701.85 WON 1995  |p 3417352  |r 2025-01-20  |s 2023-04-04  |w 2019-11-20  |y BK  |k ARQ